ბათუმის შოთა რუსთაველის სახელმწიფო უნივერსიტეტის ბიბლიოთეკა

კალმასობა როგორც ყოფა-ცხოვრებითი მოვლენა ძველ საქართველოში / (ბიბ.ჩანაწერი № 60013)

000 -ლიდერი
ფიქსირებული სიგრძის საკონტროლო ველი 01855nam a22002537a 4500
003 - საკონტროლო ნომრის იდენტიფიკატორი
საკონტროლო ველი Ge_BSU
005 - ბოლო ოპერაციის თარიღი და დრო
საკონტროლო ველი 20230531103957.0
008 - ფიქსირებული სიგრძის მონაცემთა ელემენტები - ზოგადი ინფორმაცია
ფიქსირებული სიგრძის საკონტროლო ველი 230530s1949 ge ||||| |||| 00| 0 geo d
041 ## - ენის კოდი
Language code of text/sound track or separate title geo
080 ## - უნივერსალური ათობითი კლასიფიკაციის ინდექსი
Universal Decimal Classification number 271.22(479.22) + 392(=353.1) დ-74
100 ## - მთავარი ჩანაწერი - პიროვნების სახელი
Personal name დონდუა, ვარლამ
9 (RLIN) 18311
245 ## - ცნობა სათაურის შესახებ
Title კალმასობა როგორც ყოფა-ცხოვრებითი მოვლენა ძველ საქართველოში /
Statement of responsibility, etc ვარლამ დონდუა; რედ. ნ. ბერძენიშვილი; საქ. სსრ მეცნ. აკადემია. აკად. ივ. ჯავახიშვილის სახ. ისტორიის ინ-ტი.
264 ## - წარმოების, გამოცემის, დისტრიბუციის და სხვა ცნობები
გამოცემის, წარმოების, დისტრიბუციის... ადგილი თბილისი :
გამოცემის, წარმოების, დისტრიბუციის... სახელწოდება საქ. სსრ მეცნ. აკად. გამ-ბა და სტ.,
გამოცემის, წარმოების, დისტრიბუციის... თარიღი 1949.
300 ## - ფიზიკური აღწერა
Extent 108 გვ. ;
Other physical details 19 სმ.
501 ## - შენიშვნა თანმხლებ მასალაზე
With note საკუთარ სახელთა საძიებელი, გვ. 99-103; საგანთა საძიებელი, გვ. 103-107.
504 ## - BIBLIOGRAPHY, ETC. NOTE
Bibliography, etc ბიბლიოგრაფია შენიშვნებში.
520 ## - SUMMARY, ETC.
Summary, etc რეზუმე რუსულ ენაზე, გვ.86-98;
653 ## - INDEX TERM--UNCONTROLLED
Uncontrolled term საქართველოს მართლმადიდებლური ეკლესია.
653 ## - INDEX TERM--UNCONTROLLED
Uncontrolled term ქართული წეს-ჩვეულებები.
653 ## - INDEX TERM--UNCONTROLLED
Uncontrolled term ქართველების ეთნოგრაფია.
700 ## - ADDED ENTRY--PERSONAL NAME
Personal name ბერძენიშვილი, ნ.
Relator term რედაქტორი
9 (RLIN) 18312
710 ## - ADDED ENTRY--CORPORATE NAME
Corporate name or jurisdiction name as entry element საქ. სსრ მეცნ. აკადემია. აკად.
Subordinate unit ივ. ჯავახიშვილის სახ. ისტორიის ინ-ტი.
9 (RLIN) 18313
942 ## - ADDED ENTRY ELEMENTS (KOHA)
Source of classification or shelving scheme
Koha item type წიგნი
ეგზემპლარები
ჩამოწერის სტატუსი დაკარგული ეგზემპლარის სტატუსი კლასიფიკაციის წყარო ან თაროზე გაწყობის სქემა დაზიანების სტატუსი არ გაიცემა მუდმივი მდებარეობა (დაცვის ადგილი) ამჟამინდელი ადგილსამყოფელი თაროზე განთავსების ადგილი შეძენის თარიღი ღირებულება, შესყიდვის ნორმალური ფასი სრული შენახვის შიფრი შტრიხკოდი ბოლო ოპერაციის თარიღი ეგზემპლარის მიმდევრობითი ნომერი (კეტერი?) Uniform Resource Identifier ფასის ძალაში შესვლის თარიღი ეგზემპლარის სახეობა საჯარო შენიშვნა
          ბათუმის შოთა რუსთაველის სახელმწიფო უნივერსიტეტის მთავარი ბიბლიოთეკა ბათუმის შოთა რუსთაველის სახელმწიფო უნივერსიტეტის მთავარი ბიბლიოთეკა წიგნსაცავი 2023-05-30 5.00 271.22(479.22) + 392(=353.1) დ-74 64450 2023-05-30 64450 ბსუ-ს საპატიო დოქტორის გურამ ლორთქიფანიძის საჩუქარი 2023-05-30 წიგნი 5 ლ.